| 000 | 00990nam a2200217 a 4500 | ||
|---|---|---|---|
| 001 | 000333469 | ||
| 003 | AM-YeHGA | ||
| 005 | 20250618072104.0 | ||
| 008 | 040511s1972 ai a||||r|||||||||1|arm|d | ||
| 040 | _aAM-YeHGA | ||
| 041 | 1 |
_aarm _hrus _hpol |
|
| 245 | 1 | 0 |
_aՏուն-տուն խաղանք : _b[Բանաստեղծություններ] / _cՔ. Պոկորսկայա ; Ռուս. թարգմ.՝ Վ. Հովակիմյան ; Խմբ.՝ Էդ.Ս. Ավագյան ; Նկ.՝ Յ. Մակովսկի. |
| 260 |
_aԵրևան : _bՀայաստան, _c1972. |
||
| 300 |
_a[24] էջ : _bնկ. ; _c20 սմ. |
||
| 650 | 1 | 4 |
_aԼեհական մանկական գրականություն _xԲանաստեղծություն |
| 700 | 1 |
_aՀովակիմյան, Վարոս Սարգսի, _d1923-2002 _eթարգմ. _4trl _92614 |
|
| 700 | 1 |
_aԱվագյան, Էդուարդ Սամվելի, _d1927-2010 _eխմբ. _4edt _91279 |
|
| 700 | 1 |
_aՄակրովսկի, Յուլիուշ _eնկ. _4art |
|
| 942 |
_2udc _cBK |
||
| 090 | _c126676 | ||
| 999 |
_c125318 _d125318 |
||